[Event "HUN-chT2 Toth 1718"]
[Site "Hungary"]
[Date "2017.10.29"]
[Round "3.12"]
[White "Hideg, Gergo Benedek"]
[Black "Szajbely, Samuel Janos"]
[Result "0-1"]
[WhiteElo "1343"]
[BlackElo "1754"]
[PlyCount "62"]
[EventDate "2017.09.24"]
[EventType "team-tourn"]
[EventRounds "11"]
[EventCountry "HUN"]
[SourceTitle "EXT 2021"]
[Source "ChessBase"]
[SourceDate "2020.10.23"]
[SourceVersion "1"]
[SourceVersionDate "2020.10.23"]
[SourceQuality "1"]
[WhiteTeam "Felegyhaza Csongrad"]
[BlackTeam "Szeged Maroczy II"]
[WhiteTeamCountry "HUN"]
[BlackTeamCountry "HUN"]

1. d4 Nf6 2. Bf4 g6 3. e3 Bg7 4. h3 d6 5. c3 0-0 6. Nf3 Nbd7 7. Be2 c5 8. Nbd2 Nd5 9. Bh2 Nc7 10. a4 a6 11. 0-0 Rb8 12. a5 Nb5 13. Nc4 cxd4 14. exd4 b6 15. Qc2 bxa5 16. Nxa5 Qc7 17. Rfc1 Nb6 18. Bxb5 axb5 19. b4 Bh6 20. Re1 Nd5 21. Rab1 Bf5 22. Re4 Rfc8 23. Rbe1 Bxe4 24. Qxe4 e6 25. Qh4 Bg7 26. Nb3 Qd8 27. Qg4 Rxc3 28. Nc5 dxc5 29. Bxb8 Qxb8 30. dxc5 Rc4 31. Qg5 h6 0-1

[Event "HUN-chT2 Toth 1617"]
[Site "Hungary"]
[Date "2017.04.09"]
[Round "11.11"]
[White "Hideg, Gergo Benedek"]
[Black "Palinkas, Botond Gergely"]
[Result "0-1"]
[WhiteElo "1334"]
[BlackElo "1381"]
[PlyCount "124"]
[EventDate "2016.09.25"]
[EventType "team-tourn"]
[EventRounds "11"]
[EventCountry "HUN"]
[SourceTitle "EXT 2021"]
[Source "ChessBase"]
[SourceDate "2020.10.23"]
[SourceVersion "1"]
[SourceVersionDate "2020.10.23"]
[SourceQuality "1"]
[WhiteTeam "Felegyhaza Csongrad"]
[BlackTeam "Szentes Integral"]
[WhiteTeamCountry "HUN"]
[BlackTeamCountry "HUN"]

1. d4 Nf6 2. g3 d5 3. c4 e6 4. Bg2 Bb4+ 5. Bd2 Bxd2+ 6. Nxd2 0-0 7. e3 Nc6 8. Ne2 b6 9. Nc3 Bb7 10. 0-0 Re8 11. a3 a5 12. Re1 h6 13. Qb3 Ne7 14. cxd5 Nexd5 15. Nb5 c6 16. Nc3 Nxc3 17. Qxc3 Nd5 18. Qc2 Rc8 19. Nb3 Qc7 20. Qd2 a4 21. Nc1 c5 22. dxc5 Qxc5 23. Na2 Qc2 24. Red1 Qxd2 25. Rxd2 Rc7 26. Rd4 b5 27. Nb4 Nxb4 28. Rxb4 Bxg2 29. Kxg2 Rb8 30. Rb1 Rc4 31. Rxc4 bxc4 32. Kf3 c3 33. Ke4 Rxb2 34. Rc1 Rxf2 35. Rxc3 Rxh2 36. Rc4 Rh3 37. Kf3 Rh1 38. Rxa4 g5 39. Ra8+ Kg7 40. a4 Ra1 41. a5 Kf6 42. a6 Ke5 43. a7 f5 44. Kf2 Ra2+ 45. Kf1 Ke4 46. Re8 Rxa7 47. Rxe6+ Kf3 48. Ke1 Ra1+ 49. Kd2 Ra2+ 50. Ke1 Re2+ 51. Kf1 Rxe3 52. Rxh6 Kxg3 53. Rh5 Kg4 54. Rh2 f4 55. Rg2+ Rg3 56. Rd2 Kh3 57. Rd4 f3 58. Kf2 g4 59. Rd6 Rg2+ 60. Kf1 f2 61. Rd3+ g3 62. Ke2 Rg1 0-1

[Event "HUN-chT2 Toth 1617"]
[Site "Hungary"]
[Date "2016.11.27"]
[Round "5.12"]
[White "Hideg, Gergo Benedek"]
[Black "Vertes, Imre"]
[Result "0-1"]
[WhiteElo "1334"]
[BlackElo "1732"]
[PlyCount "72"]
[EventDate "2016.09.25"]
[EventType "team-tourn"]
[EventRounds "11"]
[EventCountry "HUN"]
[SourceTitle "EXT 2021"]
[Source "ChessBase"]
[SourceDate "2020.10.23"]
[SourceVersion "1"]
[SourceVersionDate "2020.10.23"]
[SourceQuality "1"]
[WhiteTeam "Felegyhaza Csongrad"]
[BlackTeam "Bekes"]
[WhiteTeamCountry "HUN"]
[BlackTeamCountry "HUN"]

1. d4 Nf6 2. g3 g6 3. Bg2 Bg7 4. e3 0-0 5. Nf3 d5 6. 0-0 Bf5 7. Nbd2 Qc8 8. Re1 Na6 9. a3 c5 10. Nb3 c4 11. Nbd2 c3 12. Nf1 cxb2 13. Bxb2 Bxc2 14. Qe2 Bf5 15. Rec1 Qd7 16. Ne5 Qa4 17. h3 Rac8 18. Nd2 Rc2 19. Rab1 Rfc8 20. Qd1 Rxc1 21. Rxc1 Qxd1+ 22. Rxd1 Rc2 23. Bc1 Nc7 24. Bf3 Nb5 25. Re1 Nc3 26. g4 Be4 27. Bxe4 Nfxe4 28. Nb3 Bxe5 29. dxe5 Rxf2 30. Nd4 e6 31. Rf1 Rxf1+ 32. Kxf1 Nc5 33. Bd2 N3e4 34. Bb4 Nd3 35. Nb5 a6 36. Nd4 Nxe5 0-1

[Event "HUN-chT2 Toth 1617"]
[Site "Hungary"]
[Date "2016.09.25"]
[Round "1.12"]
[White "Hideg, Gergo Benedek"]
[Black "Sorban, Gyorgy Daniel"]
[Result "1/2-1/2"]
[WhiteElo "1334"]
[BlackElo "1245"]
[PlyCount "52"]
[EventDate "2016.09.25"]
[EventType "team-tourn"]
[EventRounds "11"]
[EventCountry "HUN"]
[SourceTitle "EXT 2021"]
[Source "ChessBase"]
[SourceDate "2020.10.23"]
[SourceVersion "1"]
[SourceVersionDate "2020.10.23"]
[SourceQuality "1"]
[WhiteTeam "Felegyhaza Csongrad"]
[BlackTeam "Kecskemet Takisz"]
[WhiteTeamCountry "HUN"]
[BlackTeamCountry "HUN"]

1. d4 d5 2. g3 Nf6 3. Bg2 g6 4. c4 e6 5. Nc3 Bg7 6. Bg5 c6 7. e4 dxe4 8. Nxe4 Qa5+ 9. Qd2 Qxd2+ 10. Nxd2 Nbd7 11. Be3 e5 12. Rb1 exd4 13. Bxd4 Nb6 14. b3 Bf5 15. Rc1 0-0 16. Ngf3 Rfe8+ 17. Kf1 Nbd7 18. Kg1 c5 19. Bc3 Ne4 20. Nxe4 Bxe4 21. Bxg7 Kxg7 22. Ng5 Bxg2 23. Kxg2 Ne5 24. Rcd1 Rad8 25. Ne4 Nd3 26. Nc3 Nb4 1/2-1/2